[Event "Venezia Province-ch 83rd"]
[Site "Campalto"]
[Date "2024.02.04"]
[Round "5"]
[White "Belloni, Umberto"]
[Black "Jaccarino, Giulio"]
[Result "0-1"]
[WhiteElo "1443"]
[BlackElo "999"]
[PlyCount "64"]
[EventDate "2024.02.02"]
[EventType "swiss"]
[EventRounds "5"]
[EventCountry "ITA"]
[SourceTitle "EXT 2025"]
[Source "ChessBase"]
[SourceDate "2024.10.14"]
[SourceVersion "1"]
[SourceVersionDate "2024.10.14"]
[SourceQuality "1"]

1. d4 f5 2. Bg5 h6 3. Bh4 g5 4. Bg3 Nf6 5. Be5 Bg7 6. e3 0-0 7. Bd3 d6 8. Bc4+ Kh8 9. Bxf6 Bxf6 10. Qh5 Bg7 11. Bf7 e6 12. d5 Qf6 13. Bxe6 Qxb2 14. Nf3 Qxa1 15. 0-0 Qf6 16. Nd4 Bxe6 17. Nxe6 Rc8 18. h4 gxh4 19. g3 Nd7 20. f4 Qe7 21. Qxf5 Nc5 22. Kg2 Nxe6 23. Qxe6 Re8 24. f5 hxg3 25. Rf3 Bf6 26. Nd2 Rg8 27. Qxe7 Bxe7 28. Rxg3 h5 29. Ne4 Rxg3+ 30. Kxg3 Kg7 31. Kf4 h4 32. Kg4 Rh8 0-1

[Event "Venezia Province-ch 83rd"]
[Site "Campalto"]
[Date "2024.02.03"]
[Round "2"]
[White "Jaccarino, Giulio"]
[Black "Mazzella, Riccardo"]
[Result "1-0"]
[WhiteElo "999"]
[BlackElo "1222"]
[PlyCount "67"]
[EventDate "2024.02.02"]
[EventType "swiss"]
[EventRounds "5"]
[EventCountry "ITA"]
[SourceTitle "EXT 2025"]
[Source "ChessBase"]
[SourceDate "2024.10.14"]
[SourceVersion "1"]
[SourceVersionDate "2024.10.14"]
[SourceQuality "1"]

1. e4 c5 2. c3 e5 3. Nf3 d6 4. d4 cxd4 5. cxd4 exd4 6. Nxd4 Nc6 7. Nc3 Nf6 8. Bb5 Bd7 9. 0-0 Be7 10. Be3 0-0 11. Rc1 Rc8 12. Qf3 Ne5 13. Qe2 a6 14. Bxd7 Qxd7 15. Rfd1 Nfg4 16. Bf4 Qd8 17. h3 Bg5 18. Bxg5 Qxg5 19. hxg4 Nxg4 20. Nf3 Qg6 21. Nd5 Rce8 22. Rc7 Qxe4 23. Ne7+ Rxe7 24. Rxe7 Qg6 25. Qe4 f5 26. Qe6+ Kh8 27. Qxg6 hxg6 28. Rxd6 Nf6 29. Rxb7 Rc8 30. Ng5 Ng4 31. g3 Rc1+ 32. Kg2 Rc8 33. Rxg6 Nf6 34. Rgxg7 1-0